00696cam a2200181 a 450000100100000000500170001000800410002704000250006808200220009310000390011524500840015426000510023830000210028965100300031091000340034095201250037499900150049900000192620200929145747.0800213s1963 ch 000 0ceng  aDO-SdBNPbspacBNPHU a920.051249bG578m1 aGoddard, W. G.q(William G.)9625014aThe makers of Taiwan :blectures to student Groups in Britain /cW. G. Goddard. aTaipei, China :bChina Pubublishing,c[1963?]. a163 p. ;c21 cm. 4aTaiwanxBiografía96251 aCatalogación por copia / LC 001052708MOaGRbGRcCTd2009-09-18iLF1l0o920.051249 G578mp1926-10r2020-06-25w2020-06-25y2ZPréstamo interno c1792d1792